| 000 | 00924nam a22001937a 4500 | ||
|---|---|---|---|
| 999 |
_c10414 _d10414 |
||
| 003 | AR-CdUCM | ||
| 008 | 190401b ||||| |||| 00| 0 spa d | ||
| 040 |
_aMUNICIPALIDAD PROVINCIAL DEL CUSCO _cBIBLIOTECA MUNICIPAL DEL CUSCO |
||
| 082 |
_aEP / 375.481 / _bM66 |
||
| 110 |
_aMinisterio de vivienda, construcción y saneamiento . _927253 |
||
| 245 |
_aMitos y leyendas del agua en el Perú : _bRecopilado por escolares peruanos para las generaciones presentes y futuras / |
||
| 260 |
_aLima : _bMinisterio de vivienda, construcción y saneamiento, _c2001. |
||
| 300 |
_a149 paginas : _c21 cm. |
||
| 505 | _aContenido :Agua bendita de Motupe -- Agua para dar de comer a los pobres -- Anita y el secreto del auqui -- De las aguas de Churin -- El espíritu de la madre selva y el espíritu del agua ... | ||
| 650 |
_aAgua elemento de vida _927254 |
||
| 650 |
_aCuidemos el agua _927255 |
||
| 942 |
_2ddc _cLIBROS |
||
| 945 | _arum | ||